Shakespeare's Sonnet 45 Quiz Stats

 Plays Quiz not verified by Sporcle

Challenge
Share
Tweet
Embed
Score 0/105 Timer 10:00
0 Plays Today
% Correct
The
83.3%
I
83.3%
The
83.3%
the
83.3%
I
83.3%
I
83.3%
and
72.2%
and
72.2%
thee,
66.7%
to
66.7%
thee,
66.7%
to
66.7%
thee,
66.7%
to
66.7%
In
61.1%
love
61.1%
but
61.1%
but
61.1%
For
55.6%
of
55.6%
of
55.6%
Of
55.6%
with
50%
with
50%
with
50%
with
50%
thy
50%
my
44.4%
my
44.4%
when
44.4%
My
44.4%
me.
44.4%
be
38.9%
from
38.9%
Who
38.9%
% Correct
fair
38.9%
then
38.9%
no
38.9%
This
33.3%
Are
27.8%
These
27.8%
these
27.8%
are
27.8%
By
27.8%
come
27.8%
it
27.8%
gone
22.2%
life,
22.2%
down
22.2%
death,
22.2%
those
22.2%
now
22.2%
other
16.7%
two,
16.7%
air
16.7%
fire,
16.7%
first
16.7%
thought,
16.7%
other
16.7%
desire,
16.7%
embassy
16.7%
being
16.7%
made
16.7%
four,
16.7%
two
16.7%
Sinks
16.7%
melancholy;
16.7%
even
16.7%
back
16.7%
again,
16.7%
% Correct
back
16.7%
again,
16.7%
grow
16.7%
slight
11.1%
purging
11.1%
wherever
11.1%
abide;
11.1%
present-absent
11.1%
swift
11.1%
motion
11.1%
slide.
11.1%
elements
11.1%
tender
11.1%
alone
11.1%
oppressed
11.1%
swift
11.1%
assured
11.1%
health,
11.1%
longer
11.1%
glad,
11.1%
send
11.1%
them
11.1%
straight
11.1%
sad.
11.1%
both
5.6%
quicker
5.6%
Until
5.6%
life's
5.6%
composition
5.6%
recured
5.6%
messengers
5.6%
returned
5.6%
recounting
5.6%
told,
5.6%
joy,
5.6%

You're not logged in!

Compare scores with friends on all Sporcle quizzes.
Join for Free
OR
Log In

You Might Also Like...

Show Comments

Extras

Top Quizzes Today


Score Distribution

Your Account Isn't Verified!

In order to create a playlist on Sporcle, you need to verify the email address you used during registration. Go to your Sporcle Settings to finish the process.

Report this User

Report this user for behavior that violates our Community Guidelines.

Details: